000 00235nam a2200097Ia 4500
001 812550
005 20250826171602.0
008 250824s9999 xx 000 0 und d
245 0 _aGÖLGE CANAVARLAR
_cAYŞE YAMAÇ
260 _bBU YAYINLARI
999 _c812550
_d812550